000 00929nam a2200253Ia 4500
003 GCL
008 140319s9999 xx 000 0 ara d
040 _aGCL /
_cGCL
082 0 4 _a309.23
_bم س
100 1 _aمحروس محمود خليفة
245 1 0 _aالسياسة الاجتماعية والتخطيط فى العالم الثالث /
_cمحروس محمود خليفة
260 _a[S.N] :
_bدار المعرفة الجامعية ،
_c1993
300 _a373 ص
490 _aسلسلة علم الاجتماع المعاصر
_v0
650 0 4 _aالاقتصاد
650 0 4 _aالتخطيط الاقتصادى
650 0 4 _aالتنمية الاقتصادية
650 0 4 _aالاجتماع
650 0 4 _aالاجتماع السياسى
650 0 4 _aالتخطيط الاجتماعى
650 0 4 _aالحركات الاجتماعية
650 0 4 _aالاجتماع الاقتصادى
942 _2ddc
_cBK
999 _c58575
_d58575